|
|
แสดงรายละเอียดบรรณานุกรม |
|
|
Brief Record
: Get Marc (ISO 2709)
: E-mail record
: |
|
|
|
| LEADER 00000nam 2200000uu 4500 | |||
| 001 209625 | |||
| 003 ULIBM | |||
| 008 140410s2556||||th 000 0 tha d | |||
| 020 ^a9786165381147 | |||
| 041 0 ^atha^beng | |||
| 060 4 ^aQU145 น614 2556 | |||
| 100 0 ^aนิธิยา รัตนาปนนท์ | |||
| 245 10 ^aหลักโภชนศาสตร์/^bนิธิยา รัตนาปนนท์,วิบูลย์ รัตนาปนนท์. | |||
| 250 ^aพิมพ์ครั้งที่ 2 | |||
| 260 ^aกรุงเทพฯ : ^bโอเดียนสโตร์,^c2556. | |||
| 300 ^a496 หน้า ;^bภาพประกอบ. | |||
| 650 4 ^aโภชนาการ | |||
| 650 4 ^aร่างกาย | |||
| 650 4 ^aน้ำและอิเล็กโทรไลต์ | |||
| 650 4 ^aสารอาหาร | |||
| 650 4 ^aอาหาร | |||
| 650 4 ^aพลังงาน | |||
| 650 4 ^aโปรตีน | |||
| 650 4 ^aการย่อยอาหาร | |||
| 650 4 ^aการสำรวจภาวะโภชนาการ | |||
| 700 0 ^aวิบูลย์ รัตนาปนนท์ | |||
| 999 ^aใช้งานได้ทุกระบบ | |||
| คุณยังไม่ได้ล็อกอิน คุณสามารถมีกิจกรรมร่วมกับเว็บไซต์ได้ แต่ต้องล็อกอินก่อน :: |
|
| สถานะ | |||||||||
| 1. | หนังสือสำรอง สถานะ=หนังสือเก่า - บริการ ณ ห้องสมุด (ห้องเหลือง) | QU145 น614 2556 | On Shelf ขอยืม | ||||||
| Note:ปีงบประมาณ 2557 | |||||||||
| 2. | วิทยาศาสตร์สุขภาพ สถานะ=หนังสือเก่า - บริการ ณ ห้องสมุด (ห้องเหลือง) | QU145 น614 2556 ฉ.2 | On Shelf ขอยืม | ||||||
| Note:ปีงบประมาณ 2557 | |||||||||
| 3. | วิทยาศาสตร์สุขภาพ สถานะ=หนังสือเก่า - บริการ ณ ห้องสมุด (ห้องเหลือง) | QU145 น614 2556 ฉ.3 | On Shelf ขอยืม | ||||||
| Note:ปีงบประมาณ 2557 | |||||||||
| 4. | วิทยาศาสตร์สุขภาพ สถานะ=หนังสือเก่า - บริการ ณ ห้องสมุด (ห้องเหลือง) | QU145 น614 2556 ฉ.4 | On Shelf ขอยืม | ||||||
| Note:ปีงบประมาณ 2557 | |||||||||
| 5. | วิทยาศาสตร์สุขภาพ สถานะ=หนังสือเก่า - บริการ ณ ห้องสมุด (ห้องเหลือง) | QU145 น614 2556 ฉ.5 | On Shelf ขอยืม | ||||||
| Note:ปีงบประมาณ 2557 | |||||||||
| 6. | วิทยาศาสตร์สุขภาพ สถานะ=หนังสือเก่า - บริการ ณ ห้องสมุด (ห้องเหลือง) | QU145 น614 2556 ฉ.6 | On Shelf ขอยืม | ||||||
| Note:ปีงบประมาณ 2557 | |||||||||
| 7. | วิทยาศาสตร์สุขภาพ สถานะ=หนังสือเก่า - บริการ ณ ห้องสมุด (ห้องเหลือง) | QU145 น614 2556 ฉ.7 | On Shelf ขอยืม | ||||||
| Note:ปีงบประมาณ 2557 | |||||||||
| 8. | วิทยาศาสตร์สุขภาพ สถานะ=หนังสือเก่า - บริการ ณ ห้องสมุด (ห้องเหลือง) | QU145 น614 2556 ฉ.8 | On Shelf ขอยืม | ||||||
| Note:ปีงบประมาณ 2557 | |||||||||
| 9. | วิทยาศาสตร์สุขภาพ สถานะ=หนังสือเก่า - บริการ ณ ห้องสมุด (ห้องเหลือง) | QU145 น614 2556 ฉ.9 | On Shelf ขอยืม | ||||||
| Note:ปีงบประมาณ 2557 | |||||||||
| 10. | วิทยาศาสตร์สุขภาพ | QU145 น614 2556 ฉ.10 | On Shelf ขอยืม | ||||||
| Note:ปีงบประมาณ 2557 | |||||||||
| [แสดง 10/10 รายการ] | |||||||||
BibComment |
| คอมเมนท์ทรัพยากรรายการนี้ |
|
|